Il Liber Belial e il processo romano-canonico in Europa tra XV e XVI secolo

Detalles Bibliográficos
Autor principal: Mastroberti, Francesco
Formato: eBook
Lenguaje:italiano
Publicado: Bari: Cacucci Editore, 2012
Materias:
Acceso en línea:Acceso restringido

MARC

LEADER 00000nam a22000007a 4500
005 20140917204017.0
007 cr|||| ||||
008 140917s2012 it |||||s|||| 00||0 ita d
020 |a 978-88-6611-190-0 
035 |a 12386 
040 |a vLex 
090 |c 5163  |d 5163 
100 1 |a Mastroberti, Francesco 
245 1 3 |a Il Liber Belial e il processo romano-canonico in Europa tra XV e XVI secolo  |h [Recurso electrn̤ico] /  |c Francesco Mastroberti, Stefano Vinci, Michele Pepe 
256 |a Servicio en ln̕ea 
260 |a Bari:  |b Cacucci Editore,  |c 2012 
300 |a 1 recurso electrn̤ico 
500 |a Il Dipartimento Jonico in “Sistemi Giuridici ed Economici del Mediterraneo: societ,̉ ambiente, culture” (DJSGE) ̈il primo dipartimento dell’Universit ̉degli Studi di Bari Aldo Moro con sede a Taranto. Esso nasce dall’aggregazione di docenti e ricercatori della II Facolt ̉di Giurisprudenza, della II Facolt ̉di Economia, dei corsi di laurea in Scienze della Formazione (Facolt ̉di Scienze della Formazione) e in Scienze Infermieristiche (Facolt ̉di Medicina) di Taranto intorno a tematiche di ricerca e di formazione rispondenti alla vocazione mediterranea dell’area ionica: ambiente, tutela della salute e del territorio, diritti ed economie del mare, valorizzazione dei saperi e delle culture dello spazio euro-mediterraneo. Il Liber Belial (o Consolatio peccatorum), scritto nel 1382 Giacomo Palladino (1349-1417) alias Jacopo da Teramo – che nella sua brillante carriera fu anche vescovo di Taranto – ̈stato uno dei libri pi ̮tradotti e stampati in Europa tra il XV e il XVI secolo. L’Autore immagina che i diavoli, dopo la discesa di Ges ̮agli inferi e la liberazione delle anime dei Patriarchi, intentino nei confronti del Risorto un’azione giudiziaria a  |d ando la procura a Belial. Il processo che ne segue ̈descritto in tutte le sue fasi in un contesto di allegorie politiche (era in corso il grande scisma d’Occidente) e teologiche. Nonostante gli evidenti contenuti di interesse giuridico il Liber Belial risulta poco studiato forse per la sua riconosciuta stravaganza. Il presente volume, curato da Francesco Mastroberti, presenta un’indagine storico-giuridica sull’edizione in volgare italiano (Venezia 1544) del Liber Belial attraverso lo scioglimento e l’esame delle citazioni giuridiche in esso contenute. Con il testo trascritto e annotato vi ̈anche una tavola comparativa delle citazioni giuridiche presenti nel manoscritto lateranense (sec. XV) e nelle pi ̮antiche edizioni a stampa europee. 
506 1 |a Disponible solo en los productos indicados  |d vLex Global  |d vLex Global (Academic Edition, excluding Law Schools)  |d vLex Global (U.S. Academic Edition, Law Schools)  |d vLex Global (U.S. Academic Edition, excluding Law Schools)  |d vLex Global (Academic Edition, Law Schools) 
650 0 4 |a Derecho Civil  |z Italia 
700 0 |4 Vinci, Stefano 
700 0 |4 Pepe, Michele 
740 0 |a vLex Libros (Servicio en ln̕ea) 
856 4 0 |u http://vlex.com/source/liber-belial-e-il-processo-romano-canonico-in-europa-tra-xv-e-xvi-secolo-12386  |z Acceso restringido 
942 |c BOOK 
999 0 |a Civil Law